| 000 | 01068cam a2200217 4500 | ||
|---|---|---|---|
| 001 | WB3832-07 | ||
| 008 | 020904n2002 000 0 eng u | ||
| 035 | _a(Sirsi) u119561 | ||
| 245 | _aThames Valley office market's new low | ||
| 260 | _c2002 | ||
| 490 |
_aRICS Corporate Occupiers Group News _v 4 September 2002 (1) |
||
| 520 | _aNew Insignia Richard Ellis research indicates the Thames Valley office market has slumped further as take-up in the area reached just 1.2m sq ft in the first half of 2002, down 50% in the same period last year. IRE believe that the slowdown is mainly due to the continuing problems in the IT and telecommunications sectors, both of which dominate the Thames Valley market. IRE market report http://www.richardellis.co.uk/pdf/M25&ThamesV_H1_%202002.pdf | ||
| 590 | _aWB | ||
| 650 | _aINSIGNIA RICHARD ELLIS | ||
| 650 | _aPROPERTY-COMMERCIAL PROPERTY-OFFICE PROPERTY-OFFICE PROPERTY MARKET | ||
| 650 | _aOFFICE SPACE | ||
| 650 | _aDOWNTURN | ||
| 650 | _aOFFICE RENTS | ||
| 690 | _aPROPERTY-COMMERCIAL PROPERTY | ||
| 942 | _n0 | ||
| 999 |
_c71084 _d71084 |
||